Loading...

Rural Aquaculture

Bibliographic Details
Main Author: Edwards,P et al
Format: Printed Book
Published: CABI Publishing, New York 2002
Subjects:
LEADER 00461nam a2200193 4500
020
082 |a 639.8 EDW-R 
100 |a Edwards,P et al 
245 |a Rural Aquaculture 
250
260 |a CABI Publishing, New York  |c 2002 
300
490
500
590
650 |a Aquaculture 
942 |c BK 
999 |c 92002  |d 92002 
952 |0 0  |1 0  |4 0  |6 639_800000000000000_EDWR  |7 0  |9 105470  |a ZGY  |b ZGY  |l 0  |o 639.8 EDW-R  |p ZGY04537  |r 2019-09-25  |w 2019-09-25  |y BK